000 00394nam a2200157 i 4500
001 bg
100 1 _aCICHOWSKA, Zofia
245 0 _aZadania z elektrotechniki toeretycznej /
_cZofia Cichowska, Marian Pasko. Cz.1.
260 _aGliwice,
_c1976.
700 1 _aPASKO, Marian
040 _cBPK
041 _apol
080 _a621.3
942 _cKS
008 s pl f |000 0 pol
999 _c27589
_d27589
856 _uhttp://koha.tu.koszalin.pl/cgi-bin/koha/opac-detail.pl?biblionumber=27589
_yKatalog online BPK